Nová Miss: Adriana Točeková

Bibliographic Details
Format: Article
Language:Slovak
PhysicalDescription:Fotogr.
Subjects:

MARC

LEADER 00000nab a2200000 a 4500
001 vtls008697144
003 SK-MaSNL
005 20260305035139.0
008 060501 2006 xo w n 000 0 slo
015 |a SLLK2006  |2 sllk 
038 |a SLLK 
040 |a SLLK  |b slo  |c sllk  |e AACR2 
041 0 |a slo 
044 |a xo  |c SK 
080 |a 379.8  |2 1997 
245 0 0 |a Nová Miss: Adriana Točeková  |c Text (mv), foto (P.M.) 
300 |b Fotogr. 
610 2 7 |a Centrum voľného času (Stará Ľubovňa, Slovensko)  |2 snkbucl  |9 59256 
611 1 7 |a Miss Bábika  |d (2006 :  |c Stará Ľubovňa, Slovensko)  |2 sllk  |9 1617478 
651 7 |a Stará Ľubovňa (Slovensko : okres)  |2 snkbucl  |9 19196 
773 0 |t Ľubovnianske noviny  |g Roč. XXXII, č. 9 (2006), s. 2 
852 |a SLLK  |b KIS3GCP 
999 |c 3332340  |d 3334270